000 00861cam a22002291 4500
001 000012091
005 20200929162706.0
008 730713s1971 ve 000 0 spa
010 _a72222929
035 _a(OCoLC)655615
040 _aDO-SdBNP
_cOU
_dDLC
042 _apremarc
050 0 0 _aLA543
_b.A82
100 1 _aAtcon, Rudolph P.
_928561
245 1 3 _aLa universidad latinoamericana /
_c[por] Rudolph P. Atcon. Observaciones al informe Atcon [por] Jaime Jaramillo Uribe.
260 _aCaracas, :
_bComision de Reforma Universitaria, Ediciones del Congreso de la Republica,
_c1971.
300 _a195 p. ;
_c21 cm.
650 0 _aUniversities and colleges
_zLatin America
_928562
700 2 _aJaramillo Uribe, Jaime.
_tObservaciones al informe Atcon. 1971.
_928563
740 0 2 _aObservaciones al informe Atcon.
910 _aCatalogación por copia / LC
999 _c11757
_d11757